Ekonomická teória a prax "Dnes a zajtra II" : Zborník príspevkov z medzinárodnej vedeckej konferencie. Banská Bystrica 15.2.2007

Salvato in:
Dettagli Bibliografici
Natura: Libro
Lingua:slovacco
Pubblicazione: Banská Bystrica : Univerzita Mateja Bela v Banskej Bystrici, 2007
Soggetti:
Tags: Aggiungi Tag
Nessun Tag, puoi essere il primo ad aggiungerne!!

MARC

LEADER 00000nam a22000003a 4500
001 stu161537
005 20150408163511.3
008 080417s2007----xo------------------slo-d
020 |a 978-80-8083-406-7 
040 |a STU  |b slo 
041 0 |a slo 
044 |a xo 
245 |a Ekonomická teória a prax "Dnes a zajtra II" :  |b Zborník príspevkov z medzinárodnej vedeckej konferencie. Banská Bystrica 15.2.2007 
260 |a Banská Bystrica :  |b Univerzita Mateja Bela v Banskej Bystrici,  |c 2007 
300 |a 1 CD-ROM 
650 7 |a ekonómia  |2 stusub 
996 |b 284M067603  |c M*CD-1214  |l MMKN  |s A  |a 24  |w stu161537_0001